Preston North End Biggest Transfers - Statistics

General Stats
  • This quiz has been taken 14 times
  • The average score is 14 of 34
Answer Stats
% Correct
Incomings England GK Declan Rudd 17/18 Norwich City
92%
Incomings Montenegro ST Milutin Osmajic 23/24 Cadiz
85%
Incomings England ST Neil Mellor 06/07 Liverpool
85%
Incomings Northern Ireland CM Ali McCann 21/22 St. Johnstone
77%
Incomings Denmark ST Emil Riis 20/21 Randers
77%
Incomings Denmark AM Mads Frokjaer-Jensen 23/24 Odense
77%
Incomings England CM Ben Whiteman 20/21 Doncaster Rovers
69%
Outgoings England ST Jordan Hugill 17/18 West Ham United
69%
Incomings England CM Tom Bayliss 19/20 Coventry City
69%
Outgoings England CB Ben Davies 20/21 Liverpool
62%
Outgoings Ireland ST Callum Robinson 19/20 Sheffield United
62%
Outgoings Ireland LB Greg Cunningham 18/19 Cardiff City
62%
Incomings England RM Brad Potts 18/19 Barnsley
54%
Incomings Northern Ireland ST David Healy 00/01 Manchester United
31%
Outgoings Northern Ireland ST David Healy 04/05 Leeds United
31%
Outgoings England ST David Nugent 07/08 Portsmouth
31%
Incomings Canada ST Iain Hume 10/11 Barnsley
31%
Outgoings Ireland ST Jon Macken 01/02 Manchester City
31%
Outgoings Ireland CB Sean St. Ledger 11/12 Leicester City
31%
Incomings Scotland ST Stevie May 15/16 Sheffield Wednesday
31%
Outgoings England ST Joe Garner 16/17 Rangers
23%
Outgoings Jamaica ST Ricardo Fuller 04/05 Portsmouth
23%
Outgoings Scotland RM Ross Wallace 10/11 Burnley
23%
Outgoings England CB Sean Gregan 02/03 West Bromwich Albion
23%
Outgoings England RB Tyrone Mears 06/07 West Ham United
23%
Outgoings Jamaica CB Claude Davis 06/07 Sheffield United
15%
Incomings England CM Darren Carter 07/08 West Bromwich Albion
15%
Outgoings England CM Michael Appleton 00/01 West Bromwich Albion
15%
Outgoings England CM Paul McKenna 09/10 Nottingham Forest
15%
Outgoings England ST Richard Cresswell 05/06 Leeds United
15%
Incomings England CB Chris Lucketti 01/02 Huddersfield Town
8%
Outgoings Ireland LM Kevin Kilbane 97/98 West Bromwich Albion
8%
Incomings England RM Kevin Nicholls 07/08 Leeds United
8%
Incomings England CM Richard Chaplow 07/08 West Bromwich Albion
8%
No matching quizzes found
Score Distribution
Percent of People with Each Score
Percentile by Number Answered
Your Score History
You have not taken this quiz